000 00596nam a22002297a 4500
003 UA-OsUOA
001 62940
007 ta
008 20090914b un ||||| |||| 00| 0 ukr d
100 _aШор Я. А.
090 _a511.1
_bШ79
942 _cBK
040 _aUA-OsUOA
_brus
_cUA-OsUOA
_dUA-OsUOA
245 _aО решении арифметических задач в педагогических училищах
300 _a59 с.
955 _a2
041 _arus
080 _a511.1
260 _aМ.
_c1951
650 7 _a511 Теорія чисел
_2UDC
999 _c348895
_d348895